=LDR 00000nam 2200000 4500 =001 INLIS000000000034494 =005 20130612140411 =008 ***********************************ind** =035 ##$$0010-061300000034494 =041 ##$$a ind =082 ##$$a 531.6 =090 ##$$a 531.6, fuj m =100 ##$$a Pujiastuti, Martina =245 ##$$a Mengenal gaya dan energi/ Martina Pujiastuti; Editor, S. Karim A. Karhani =260 ##$$a 2007 $b Jakarta =300 ##$$a ix,88 hlm., Ilus., 25 cm =650 ##$$a Kekuatan dan Energi (Pendidikan Dasar) =700 ##$$a Karhani,S.Karim A =850 ##$$a NBPNMAT =990 ##$$a 0001/BPAP-NTB/20142015 =990 ##$$a 0001/BPAP-NTB/20142015